000 00575nam a2200181 a 4500
001 000407189
003 AM-YeHGA
005 20250618072411.0
008 050202s1923 ai 000 | arm d
040 _aAM-YeHGA
041 0 _aarm
100 1 _aՏեր-Հովնանյան, Արշալույս Հովհաննեսի,
_d1890-1958
_92830
245 1 0 _aԴեպի ապագան /
_cԱ. Տեր-Հովնանյան.
260 _aՅերևան :
_bԱ. հ.,
_c1923.
300 _a63 էջ ;
_c13 սմ.
650 1 4 _aՀայ գրականություն
_xՊատմվածք
090 _c156163
999 _c154765
_d154765